00429nam a2200181Ia 4500008004100000020001400041245001300055245004100068245002200109260001500131260001600146260000900162300001400171300002500185300001000210500000800220999001900228170705s9999 xx 000 0 und d a590473409 aAnansi : ba tale from the Ashanti the spider / cGerald McDermott. aNew York : bScholastic, c1972 aunpaged : bcolor illustration ; c19cm. a290 c335459d335459